000 00723nam a22002177a 4500
003 UA-OsUOA
001 47049
007 ta
008 20120530b un ||||| |||| 00| 0 ukr d
090 _a94(477).152 (К)
_bЦ38
942 _cBR
040 _aUA-OsUOA
_bukr
_cUA-OsUOA
_dUA-OsUOA
245 _aЦентр українських студій Гарвардського університету й українці Канади.
300 _a30 с.
955 _a1
041 _aukr
080 _a94(477).152 (К)
650 7 _a9 Географія. Біографії. Історія
_2UDC
999 _c427159
_d427159